UM Logo

The revised penal code: (Record no. 11310)

MARC details
000 -LEADER
fixed length control field 00565nam a22001697a 4500
008 - FIXED-LENGTH DATA ELEMENTS--GENERAL INFORMATION
fixed length control field 181116b ||||| |||| 00| 0 eng d
020 ## - INTERNATIONAL STANDARD BOOK NUMBER
International Standard Book Number 978-971-23-8251-2
082 ## - DEWEY DECIMAL CLASSIFICATION NUMBER
Edition number 2017
Classification number DFil 345.599
Item number R330
100 ## - MAIN ENTRY--PERSONAL NAME
Personal name Reyes, Luis B.
9 (RLIN) 32544
245 ## - TITLE STATEMENT
Title The revised penal code:
Remainder of title criminal law (Book 1) articles 1-113 /
Statement of responsibility, etc. Luis B. Reyes
250 ## - EDITION STATEMENT
Edition statement Nineteenth Edition
260 ## - PUBLICATION, DISTRIBUTION, ETC. (IMPRINT)
Place of publication, distribution, etc. Manila:
Name of publisher, distributor, etc. Rex Book Store,
Date of publication, distribution, etc. ©2017.
300 ## - PHYSICAL DESCRIPTION
Extent xxx, 971 pages;
Other physical details illustrations:
Dimensions 23 cm.
650 ## - SUBJECT ADDED ENTRY--TOPICAL TERM
Topical term or geographic name as entry element Criminal law -- Philippines
9 (RLIN) 31519
365 ## - TRADE PRICE
Price amount 1,760.00
Currency code Php.
942 ## - ADDED ENTRY ELEMENTS (KOHA)
Source of classification or shelving scheme Dewey Decimal Classification
Koha item type Filipiniana
Holdings
Withdrawn status Lost status Source of classification or shelving scheme Damaged status Not for loan Collection code Home library Current library Shelving location Date acquired Source of acquisition Cost, normal purchase price Total Checkouts Full call number Barcode Date last seen Date last checked out Copy number Price effective from Koha item type
    Dewey Decimal Classification     Filipiniana UM Digos College - LIC UM Digos College - LIC Book Cart 08/29/2018 Purchased 1760.00 25 DFil 345.599 R330 2017 25276 10/25/2025 10/22/2025 1 11/16/2018 Filipiniana
    Dewey Decimal Classification     Filipiniana UM Digos College - LIC UM Digos College - LIC Book Cart 08/29/2018 Purchased 1760.00 35 DFil 345.599 R330 2017 25277 02/19/2026 02/16/2026 2 11/16/2018 Filipiniana
    Dewey Decimal Classification     Filipiniana UM Digos College - LIC UM Digos College - LIC Book Cart 08/29/2018 Purchased 1760.00 28 DFil 345.599 R330 2017 25278 02/27/2026 02/25/2026 3 11/16/2018 Filipiniana
    Dewey Decimal Classification     Filipiniana UM Digos College - LIC UM Digos College - LIC Book Cart 08/29/2018 Purchased 1760.00 12 DFil 345.599 R330 2017 25279 05/15/2025 11/29/2023 4 11/16/2018 Filipiniana
    Dewey Decimal Classification     Filipiniana UM Digos College - LIC UM Digos College - LIC Book Cart 08/29/2018 Purchased 1760.00 29 DFil 345.599 R330 2017 25280 12/03/2025 12/01/2025 5 11/16/2018 Filipiniana